טוען...

Real Wages, Employment and Income of Agricultural Labourers in India

מידע ביבליוגרפי
מחבר ראשי: A.V. Jose
פורמט: Printed Book
יצא לאור: Centre for Development Studies-WP63 1978
גישה מקוונת:http://10.26.1.76/ks/003120.pdf
LEADER 003950000a22001210004500
100 |a A.V. Jose 
245 |a Real Wages, Employment and Income of Agricultural Labourers in India 
260 |c 1978 
260 |b Centre for Development Studies-WP63 
856 |u http://10.26.1.76/ks/003120.pdf 
942 |c KS 
999 |c 72508  |d 72508 
952 |0 0  |1 0  |4 0  |7 0  |9 64472  |a MGUL  |b MGUL  |d 2015-08-01  |l 0  |r 2015-08-01  |w 2015-08-01  |y KS